01714nam a2200385 a 4500001001000000003000500010005001700015008004100032010001100073011001100084040000900095090001000104100003700114245019600151260004200347500006000389502011600449590004100565590004100606590003700647590004000684590004000724590004000764650004400804650002800848650004800876856001600924856007000940901000701010942001001017942000601027999001901033952013601052952014001188000108803CHAP20220329144025.0140312s2013 mx a sm |||||||spa d a105265 a106237 cCHAP aTesis1 aCarrillo Salgado, Miguel912586310aFormas de organización y prácticas comunitarias en la producción de café y tenangos para el desarrollo en la Sierra Otomí Tepehua Hidalgoh[En línea]cpor Miguel Carrillo Salgado. aChapingo, Méx. :bEl autor.,c2013. aPara ver el contenido del material haga clic en la liga aTesis (M.C. en Ciencias de Desarrollo Rural Regional) -- UACH. Dirección de Centros Regionales Universitarios aBATCH-UPDb05c20140324lUCH01h1536 aBATCH-UPDb05c20141002lUCH01h0857 aBATCHb00c20181121lUCH01h0759 aE5652GLJb05c20140312lUCH01h1434 aE5652GLJb05c20140312lUCH01h1435 aE5652GLJb05c20141029lUCH01h113914aArtesanías textileszHidalgo.912586914aCaféxHidalgo.91715214aDesarrollo de la comunidadzHidalgo.931982 a1 n0001351 aFinding aiduhttp://10.13.5.2/tesis/sist108803.pdfzTeclea aquí aBK cTESIS n0 c105265d105265 00104054718TESISaBCbBCd2014-03-12fTESISl0oTesisp33724002365280r2019-12-31 00:00:00w2019-12-31yTESISzRecien adquirido 00102local4053708TESISaBCbBCcPA_TESISd2014-03-12fTESISl0oTesisp33724002401686r2019-12-31 00:00:00tc.2w2019-12-31yTESIS